History and collective memory in South Asia 1200–2000 (Record no. 4471)

MARC details
000 -LEADER
fixed length control field 00479nam a2200169Ia 4500
008 - FIXED-LENGTH DATA ELEMENTS--GENERAL INFORMATION
fixed length control field 230917s9999||||xx |||||||||||||| ||und||
020 ## - ISBN
Price RS 795.00
040 ## - CATALOGING SOURCE
-- 5006671
Original cataloging agency VIVEKANANDA LIBRARY
041 ## - Language
-- English
082 ## - DDC NUMBER
Classification number 954.0072 G939H
100 ## - MAIN ENTRY--PERSONAL NAME
Personal name Guha, Sumit
245 #0 - TITLE STATEMENT
Title History and collective memory in South Asia 1200–2000
260 ## - PUBLICATION, DISTRIBUTION, ETC. (IMPRINT)
Place of publication, distribution, etc Ranikhet
Name of publisher, distributor, etc Permanent Black
Date of publication, distribution, etc 2019
300 ## - PHYSICAL DESCRIPTION
Pages xiii, 240 p.
500 ## - GENERAL NOTE
General note 4366 14/01/2022 HBD22/9192 15/01/2022 Main Budget
942 ## - ADDED ENTRY ELEMENTS (KOHA)
Koha item type Books
Holdings
Withdrawn status Lost status Damaged status Not for loan Location (home branch) Sublocation or collection (holding branch) Date acquired Koha issues (times borrowed) Koha full call number Accession No. Koha date last seen Koha item type
        VIVEKANANDA LIBRARY VIVEKANANDA LIBRARY 28/03/2022   954.0072 G939H 394269 17/09/2023 Books
© Designed and Maintained by Vivekananda Library, MDU Rohtak